Rehatkan hati dengan solat

Bibliographic Details
Main Author: Pahrol Mohamad Juoi (Author)
Other Authors: Auni Nur Fatin (Editor)
Format: Book
Published: Kajang, Selangor : Iman Publication Sdn Bhd 2022
Subjects:

MARC

LEADER 00000cam a2200000 7i4500
001 0000091220
005 20230405085521.0
008 230405 may
020 |a 9789672459033 (  |q (paperback)) 
040 |e rda 
041 |a Malay 
090 0 0 |a 297.3822   |b PAH 
100 1 |a Pahrol Mohamad Juoi ,   |e (author) 
245 1 0 |a Rehatkan hati dengan solat   |c Pahrol Mohamad Juoi 
264 1 |a Kajang, Selangor :   |b Iman Publication Sdn Bhd   |c 2022 
300 |a 257 pages ;   |c 19 cm. 
336 |a text  |2 rdacontent 
337 |a unmediated  |2 rdamedia 
338 |a volume  |2 rdacarrier 
500 |a Contain verses from the Qur'an and quotes from the Hadith 
541 |c Purchased on 2022   |f 01289 CHA   |h RM30.00 
650 0 |a Pillar of Islam 
650 0 |a Prayer   |x Islam 
700 0 |a Auni Nur Fatin ,   |e (editor) 
999 |a 0001716795   |b Book   |c Adult Collection   |e Desa - PPAJ 
999 |a 0001716796   |b Book   |c Adult Collection   |e Desa - PPAJ 
999 |a 0001716797   |b Book   |c Adult Collection   |e Desa - PPAJ 
999 |a 0001716798   |b Book   |c Adult Collection   |e Desa - PPAJ 
999 |a 0001716799   |b Book   |c Adult Collection   |e Desa - PPAJ 
999 |a 0001716800   |b Book   |c Adult Collection   |e Desa - PPAJ 
999 |a 0001716801   |b Book   |c Adult Collection   |e Desa - PPAJ 
999 |a 0001716802   |b Book   |c Adult Collection   |e Desa - PPAJ 
999 |a 0001716803   |b Book   |c Adult Collection   |e Desa - PPAJ 
999 |a 0001716804   |b Book   |c Adult Collection   |e Desa - PPAJ 
999 |a 0001716805   |b Book   |c Adult Collection   |e Desa - PPAJ 
999 |a 0001716806   |b Book   |c Adult Collection   |e Desa - PPAJ 
999 |a 0001716807   |b Book   |c Adult Collection   |e Desa - PPAJ 
999 |a 0001716808   |b Book   |c Adult Collection   |e Desa - PPAJ 
999 |a 0001716809   |b Book   |c Adult Collection   |e Desa - PPAJ 
999 |a 0001716810   |b Book   |c Adult Collection   |e Desa - PPAJ 
999 |a 0001716811   |b Book   |c Adult Collection   |e Desa - PPAJ 
999 |a 0001716812   |b Book   |c Adult Collection   |e Desa - PPAJ 
999 |a 0001716813   |b Book   |c Adult Collection   |e Desa - PPAJ 
999 |a 0001716814   |b Book   |c Adult Collection   |e Desa - PPAJ 
999 |a 0001716815   |b Book   |c Adult Collection   |e Desa - PPAJ 
999 |a 0001716816   |b Book   |c Adult Collection   |e Desa - PPAJ 
999 |a 0001716817   |b Book   |c Adult Collection   |e Desa - PPAJ 
999 |a 0001716818   |b Book   |c Adult Collection   |e Desa - PPAJ 
999 |a 0001716819   |b Book   |c Adult Collection   |e Desa - PPAJ 
999 |a 0001716820   |b Book   |c Adult Collection   |e Desa - PPAJ 
999 |a 0001716821   |b Book   |c Adult Collection   |e Desa - PPAJ 
999 |a 0001716822   |b Book   |c Adult Collection   |e Desa - PPAJ 
999 |a 0001716823   |b Book   |c Adult Collection   |e Desa - PPAJ 
999 |a 0001716824   |b Book   |c Adult Collection   |e Desa - PPAJ 
999 |a 0001716825   |b Book   |c Adult Collection   |e Desa - PPAJ 
999 |a 0001716826   |b Book   |c Adult Collection   |e Desa - PPAJ 
999 |a 0001716827   |b Book   |c Adult Collection   |e Desa - PPAJ 
999 |a 0001716828   |b Book   |c Adult Collection   |e Desa - PPAJ 
999 |a 0001716829   |b Book   |c Adult Collection   |e Desa - PPAJ 
999 |a 0001716830   |b Book   |c Adult Collection   |e Desa - PPAJ 
999 |a 0001716831   |b Book   |c Adult Collection   |e Desa - PPAJ 
999 |a 0001716832   |b Book   |c Adult Collection   |e Desa - PPAJ 
999 |a 0001716833   |b Book   |c Adult Collection   |e Desa - PPAJ 
999 |a 0001716834   |b Book   |c Adult Collection   |e Cawangan AEON Kulaijaya 
999 |a 0001716835   |b Book   |c Adult Collection   |e Cawangan Urban Transformation Centre 
999 |a 0001716836   |b Book   |c Adult Collection   |e Perbadanan Perpustakaan Awam Johor 
999 |a 0001716837   |b Book   |c Adult Collection   |e Perbadanan Perpustakaan Awam Johor 
999 |a 0001716838   |b Book   |c Adult Collection   |e Cawangan Bandar Penawar 
999 |a 0001716839   |b Book   |c Adult Collection   |e Cawangan Bandar Tenggara 
999 |a 0001716840   |b Book   |c Adult Collection   |e Cawangan Bukit Gambir 
999 |a 0001716841   |b Book   |c Adult Collection   |e Cawangan Muar 
999 |a 0001716842   |b Book   |c Adult Collection   |e Cawangan Segamat 
999 |a 0001716843   |b Book   |c Adult Collection   |e Cawangan Taman Sri Lambak 
999 |a 0001716844   |b Book   |c Adult Collection   |e Perbadanan Perpustakaan Awam Johor 
999 |a 0001716845   |b Book   |c Adult Collection   |e Cawangan Pontian 
999 |a 0001716846   |b Book   |c Adult Collection   |e Cawangan Kota Tinggi 
999 |a 0001716847   |b Book   |c Adult Collection   |e Cawangan Tmn. Ungku Tun Aminah 
999 |a 0001716848   |b Book   |c Adult Collection   |e Cawangan Batu Pahat 
999 |a 0001716849   |b Book   |c Adult Collection   |e Cawangan Mersing 
999 |a 0001716850   |b Book   |c Adult Collection   |e Cawangan Tangkak 
999 |a 0001716851   |b Book   |c Adult Collection   |e Desa - PPAJ 
999 |a 0001716852   |b Book   |c Adult Collection   |e Desa - PPAJ